000 00441nam a2200145Ia 4500
008 231217s9999 xx 000 0 und d
041 _aEnglish
082 _a621.434 GAN;1 R
100 _aGanesan, V
245 0 _aComputer simulation of compression-ignition engine processes
260 _c2000
_bUniversity Press,
_aHyderabad
300 _axvii+202
650 _aComputer,simulation,compression-ignition,engine,processes
942 _cAA
999 _c175210
_d175210